[Event "Oberbayern Bezirksliga 1718"]
[Site "Germany"]
[Date "2017.10.22"]
[Round "1.8"]
[White "Schmid, Dieter"]
[Black "Heinrichsen, Peter"]
[Result "1-0"]
[WhiteElo "1744"]
[BlackElo "1711"]
[PlyCount "101"]
[EventDate "2017.10.22"]
[EventType "team-tourn"]
[EventRounds "9"]
[EventCountry "GER"]
[SourceTitle "EXT 2019"]
[Source "ChessBase"]
[SourceDate "2018.10.10"]
[SourceVersion "1"]
[SourceVersionDate "2018.10.10"]
[SourceQuality "1"]
[WhiteTeam "Pang/Rosenheim II"]
[BlackTeam "Gauting"]
[WhiteTeamCountry "GER"]
[BlackTeamCountry "GER"]

1. d4 Nf6 2. c4 g6 3. Nc3 d5 4. Nf3 Bg7 5. Bf4 0-0 6. e3 c5 7. dxc5 Qa5 8. Qd2 dxc4 9. Bxc4 Rd8 10. Qe2 Ne4 11. 0-0 Nxc3 12. bxc3 Nc6 13. Rac1 Bg4 14. Qb2 Bxf3 15. gxf3 Qxc5 16. Be2 b6 17. e4 Rac8 18. Ba6 Ne5 19. Qe2 Rc7 20. Rc2 Rcd7 21. Kg2 Qa5 22. a4 Nd3 23. Bxd3 Rxd3 24. c4 Qxa4 25. c5 f5 26. c6 fxe4 27. fxe4 Rc3 28. Rfc1 Qxc6 29. Rxc3 Bxc3 30. Be5 Qc5 31. Bxc3 Qg5+ 32. Kh3 Qxc1 33. Qc4+ e6 34. Qxe6+ Kf8 35. Bb4+ Kg7 36. Qe7+ Kh6 37. Qxd8 Qf1+ 38. Kg3 Qg1+ 39. Kf3 Qh1+ 40. Ke3 Qxh2 41. Qf8+ Kg5 42. Be7+ Kh5 43. Qf3+ Kh6 44. Bf8+ Kg5 45. Bg7 Qd6 46. Qg2+ Kh4 47. Qh1+ Kg4 48. f3+ Kg3 49. Qg1+ Kh3 50. Qg4+ Kh2 51. Qf4+ 1-0

[Event "Regionalliga SO 0405"]
[Site "Bayern"]
[Date "2005.01.30"]
[Round "6.7"]
[White "Benicke, Bernd"]
[Black "Schmid, Dieter"]
[Result "1/2-1/2"]
[WhiteElo "1825"]
[BlackElo "1782"]
[PlyCount "42"]
[EventDate "2004.10.24"]
[EventType "team-tourn"]
[EventRounds "9"]
[EventCountry "GER"]
[SourceTitle "EXT 2007"]
[Source "ChessBase"]
[SourceDate "2006.11.23"]
[SourceVersion "1"]
[SourceVersionDate "2006.11.23"]
[SourceQuality "1"]
[WhiteTeam "Bayerwald"]
[BlackTeam "Pang/Rosenheim II"]
[WhiteTeamCountry "GER"]
[BlackTeamCountry "GER"]

1. e4 c5 2. Nc3 Nc6 3. g3 g6 4. Bg2 Bg7 5. Nf3 d6 6. d3 Bd7 7. 0-0 a6 8. a3 Nf6 9. Be3 Ng4 10. Bd2 0-0 11. Qc1 Rb8 12. h3 Nge5 13. Nxe5 Bxe5 14. Bh6 Bg7 15. Bxg7 Kxg7 16. Ne2 e5 17. f4 f6 18. f5 g5 19. g4 Be8 20. Qe1 Bf7 21. Qf2 b5 1/2-1/2